000 01199nam a2200301 4500
003 EG-GICUC
005 20260121101144.0
008 251105s1990 ua ||||fr|||| 00| 0 ara d
017 _a19907120
040 _a EG-GICUC
_bara
_c EG-GICUC
_d EG-GICUC
_erda
041 0 _aara
082 0 4 _221
_a341.81
_bع ن . ا
092 0 4 _221
099 _aLaw1 12 341.81 ع ن . ا 19990
100 0 _aعنايت عبد الحميد ثابت
_eمؤلف.
245 1 0 _aعلي هامش تشريع تنظيم الرعوية اليمنية/
_cبقلم الدكتور عنايت عبد الحميد ثابت.
264 1 _aدون مكان نشر؛
_bدون ناش،
_c1990.
300 _a؛ 287صفحة
_c24 سم
336 _2rda content
_atext
337 _2rda media
_aComputer
338 _2rda carrier
_aOnline Resource
504 _aيحتوي على ارجاعات ببليوجرافية
546 _aالنص أغلبه باللغة العربية بعض النصوص الإنجليزية والفرنسية
650 1 _aالجنسية -- قانون دولي
_zاليمن
856 4 0 _uhttps://fll.law.cu.edu.eg/fulltext/bks/B12-00586.pdf
905 _aRawan khaled
942 _2ddc
_n0
_cBK
_e21
999 _c40959
_d40959